| 000 | 00610nam a2200169 a 4500 | ||
|---|---|---|---|
| 001 | 000025103 | ||
| 005 | 20200930023551.0 | ||
| 008 | 110210s1963 xxu 000 0 spa d | ||
| 040 |
_aDO-SdBNP _bspa _cBNPHU |
||
| 100 | 1 |
_aSeeberg, Reinhld _951492 |
|
| 245 | 1 | 0 |
_aManual de historia de las doctrinas / _cReinhld Seeberg ; traductor José Míguez Bonino. |
| 260 |
_aEstados Unidos : _bCasa Bautista de Publicaciones, _c1963. |
||
| 300 |
_av. ; _c22 cm. |
||
| 505 | 2 | _av. 2, Historia de las doctrinas en la edad media y principio de la edad moderna | |
| 700 | 1 |
_aBonino, José Míguez _etr. _951493 |
|
| 049 | _aBNPD | ||
| 999 |
_c24596 _d24596 |
||